| 000 | 00665cam a2200229 4500 | ||
|---|---|---|---|
| 001 | 2180168 | ||
| 003 | BD-DhUL | ||
| 005 | 20161120160354.0 | ||
| 008 | 690624s1969 njua 001 0 eng | ||
| 010 | _a 69018891 | ||
| 020 | _a0131972286 | ||
| 040 |
_aDLC _cDLC _dDLC _dBD-DhUL |
||
| 050 | 0 | 0 |
_aBC71 _b.H25 |
| 082 | 0 | 0 |
_a160 _bHAD |
| 100 | 1 |
_aHarrison, Frank R., _d1935- |
|
| 245 | 1 | 0 |
_aDeductive logic and descriptive language _c[by] Frank R. Harrison, III. |
| 260 |
_aEnglewood Cliffs, N.J., _bPrentice-Hall _c[1969] |
||
| 300 |
_ax, 534 p. _billus. _c25 cm. |
||
| 650 | 0 | _aLogic. | |
| 906 |
_a7 _bcbc _corignew _du _encip _f19 _gy-gencatlg |
||
| 942 |
_2ddc _cBK |
||
| 999 |
_c126289 _d126289 |
||